Aufstand in Prag 1945

Titel: Aufstand in Prag 1945
Verfasser:
In: Seliger-Gemeinde: Sudeten-Jahrbuch der Seliger-Gemeinde, Band 44 (1995), Seite 29-33
alle Artikel anzeigen
Veröffentlicht: 1995 [1994]
Format: Aufsatz
Sprache: Deutsch
Kein Bild verfügbar
X
alg: 39156349
001A    $01999:11-11-16 
001B    $01999:29-03-21 $t21:45:18.000 
001D    $01999:11-11-16 
001U    $0utf8 
001X    $00 
002@    $0Aox 
003@    $0391563491 
007A    $0391563491 $aHEB 
007T    $0Herd60975 
010@    $ager 
011@    $a1995 $n1995 [1994] 
021A    $aAufstand in Prag 1945 
028A    $aHrubý $dKarel 
031A    $d44 $h29-33 $j1995 
039B    $aIn $8--Abvc--Seliger-Gemeinde [Tb1]. Sudeten-Jahrbuch der Seliger-Gemeinde. - München : Die Brücke, 1952-2003 $x199500000440000971 $9047713011 
045F    $a900.9437109043 $eDDC23BSB 
045F/01 $a900 
045F/03 $f09043 
045F/03 $f09044 
045F/03 $g4371 

lok: 39156349 78

exp: 39156349 78 1 #EPN
201B/01 $026-11-17 $t00:43:38.000 
201U/01 $0utf8 
203@/01 $0787657719 
208@/01 $a11-11-16 $be 
209A/01 $a/ $f000 $x00 
220C/01 $aTitelaufnehmer: rb 
244Z/01 $#Tschechien $#Tschechische Republik $#Tschechische Republik $#Tschechenland $#Tschechei Tschechien $#Česká Republika $#Czech Republic $#ČR $74303381-7 $8--Tg1--Tschechien $x01 $9086659812 
244Z/01 $2Trx $#Böhmen $#Bohemia $#Czechy $8--Trx--Čechy $x02 $9391188941 
244Z/01 $#Prag $#Hlavni Město Praha $#Hauptstadt Prag $#Prag Kraj $#Bezirk Prag $#Praha $#Prague $#Praga $#Praag $74076310-9 $8--Tg1--Prag $x03 $9085216283 
244Z/01 $aGeschichte 1945 $x04 
244Z/01 $2Trx $#maailmasõda, teine 1939-1945 $#Antrasis pasaulinis karas 1939-1945 $#World War, Second 1939-1945 $#világháború. második 1939-1945 $#wojna światowa, druga 1939-1945 $#vojna svetová II. 1939-1945 $#válka druhá světová 1939-1945 $#Zweiter Weltkrieg $8--Trx--Weltkrieg, Zweiter$g1939-1945 $x05 $939138239X 
244Z/01 $2Trx $#Praha ülestõus 1945 $#Prahos sukilimas 1945 $#Prague uprising 1945 $#prágai felkelés 1945 $#powstanie praskie 1945 r. $#povstanie pražské 1945 $#povstání pražské 1945 $8--Trx--Prager Aufstand$g1945 $x06 $9391373323 
244Z/01 $2Trx $8--Trx--Zeitschriftenaufsatz $x07 $9391384341 
245Z/01 $a13.03 $x01 
245Z/01 $a06.04.03 $x02 
247C/01 $82080>Marburg/Lahn, Herder-Institut, Forschungsbibliothek, Bibliographieportal $9336309341
LEADER 00000caa a22000002c 4500
001 391563491
003 DE-603
005 20210329214518.0
007 tu
008 161111s1995 xx |||| | u00||u|ger c
035 |a (DE-599)HEB391563491 
040 |a DE-603  |b ger  |c DE-603  |d DE-603 
041 |a ger 
082 0 4 |8 1\u  |a 900.9437109043  |q DE-101  |2 23/BSB 
085 |8 1\u  |b 900 
085 |8 1\u  |z 1  |s 09043 
085 |8 1\u  |z 1  |s 09044 
085 |8 1\u  |z 2  |s 4371 
100 1 |a Hrubý, Karel 
245 0 0 |a Aufstand in Prag 1945 
264 0 |c 1995 [1994] 
773 0 8 |i In  |a Seliger-Gemeinde  |t Sudeten-Jahrbuch der Seliger-Gemeinde  |d München : Die Brücke, 1952-2003  |h 21 cm  |g Band 44 (1995), Seite 29-33  |w (DE-603)047713011  |w (DE-600)511910-8 
924 0 |9 2080  |a (DE-603)787657719  |b DE-2080  |c HES  |d d  |g /